00340nam a2200133Ia 4500003000400000008004100004020002300045040000800068100001700076245006200093260002500155300001500180365001100195LDD181029s9999 xx 000 0 und d a8180520943c295.00 cLDD aDeb, Tapomoy 0aHuman resouce developmentbtheory & practicecTapomoy Deb aNew DelhibAnec2006 axxi, 549p. b295.00